|
|
|
|
| LEADER |
01208nam a2200325 a 4500 |
| 001 |
37903 |
| 003 |
BD-DhAAL |
| 008 |
220306t1998 nyua b 001 0 eng d |
| 010 |
|
|
|a 94035295
|
| 020 |
|
|
|a 0070252149 (alk. paper)
|
| 020 |
|
|
|a 0071139648
|
| 020 |
|
|
|a 9780071139649
|
| 020 |
|
|
|a 007113963X (alk. paper : International ed.)
|
| 040 |
|
|
|a DLC
|c DLC
|d DLC
|d BD-DhAAL
|
| 050 |
0 |
0 |
|a HB139
|b .G84 1995
|
| 082 |
0 |
0 |
|a 330.015118
|2 20
|
| 100 |
1 |
|
|a Gujarati, Damodar N.
|9 46382
|
| 245 |
1 |
0 |
|a Basic econometrics /
|c Damodar N. Gujarati.
|
| 250 |
|
|
|a Third edition
|
| 260 |
|
|
|a New York :
|b McGraw-Hill,
|c c1995.
|
| 300 |
|
|
|a xxiii, 838 pages :
|b illustrations ;
|c 25 cm.
|
| 500 |
|
|
|a "International edition"-- Verso of t.p.
|
| 504 |
|
|
|a Includes bibliographical references (pages 824-826) and index.
|
| 541 |
|
|
|a Donated by Akbar Ali Khan
|e 37903
|
| 650 |
|
0 |
|a Econometrics.
|9 46383
|
| 650 |
|
0 |
|a Economics.
|9 46384
|
| 852 |
|
|
|a Ayesha Abed Library
|c Akbar Ali Khan Collection
|
| 942 |
|
|
|2 ddc
|c BK
|
| 999 |
|
|
|c 43654
|d 43654
|
| 952 |
|
|
|0 0
|1 0
|2 ddc
|4 0
|6 330_015118000000000_GUJ
|7 1
|9 69984
|a BRACUL
|b BRACUL
|c AAKC
|d 2022-03-06
|e Donated by Akbar Ali Khan
|l 0
|o 330.015118 GUJ
|p 3010037903
|r 2022-03-06
|t 1
|w 2022-03-06
|y BK
|